Loading...
| History - World History | 1 | 5 | 2 | 0 | 55 | 63 | 83.83 | 4 | 5 |
| Philosophy | 1 | 3 | 0 | 0 | 45 | 73 | 106.00 | 3 | 4 |
| History - American History | 2 | 1 | 1 | 0 | 35 | 30 | 60.33 | 1 | 2 |
| History - Other History | 1 | 2 | 0 | 0 | 35 | 55 | 87.67 | 1 | 2 |
| Beliefs | 0 | 3 | 0 | 0 | 30 | 84 | 102.00 | 1 | 3 |
| Social Science | 1 | 2 | 1 | 1 | 30 | 63 | 89.67 | 2 | 2 |
| Visual Arts | 1 | 0 | 0 | 0 | 15 | 65 | 65.00 | 1 | 1 |
| Current Events | 0 | 2 | 1 | 0 | 15 | 72 | 72.50 | 0 | 2 |
| Literature - World Literature | 1 | 0 | 0 | 0 | 15 | 75 | 75.00 | 1 | 1 |
| History - European History | 0 | 1 | 0 | 0 | 10 | 76 | 76.00 | 1 | 1 |
| Literature - American Literature | 0 | 1 | 0 | 0 | 10 | 85 | 85.00 | 0 | 0 |
| Literature - European Literature | 0 | 1 | 0 | 0 | 10 | 126 | 126.00 | 0 | 0 |
| Science - Biology | 0 | 1 | 0 | 0 | 10 | 109 | 109.00 | 0 | 1 |
| Science - Other Science | 0 | 1 | 0 | 0 | 10 | 127 | 127.00 | 0 | 0 |
| Fine Arts - Other Arts | 0 | 1 | 1 | 0 | 5 | 79 | 79.00 | 0 | 0 |
| History - Ancient History | 0 | 0 | 1 | 0 | -5 | 0.00 | 0 | 0 | |
| Geography | 0 | 0 | 1 | 0 | -5 | 0.00 | 0 | 0 |